Logistics and Supply Chain Management : (Record no. 610)
[ view plain ]
| 000 -LEADER | |
|---|---|
| fixed length control field | 00650nam a22001817a 4500 |
| 005 - DATE AND TIME OF LATEST TRANSACTION | |
| control field | 20241104192639.0 |
| 008 - FIXED-LENGTH DATA ELEMENTS--GENERAL INFORMATION | |
| fixed length control field | 241104b |||||||| |||| 00| 0 eng d |
| 020 ## - INTERNATIONAL STANDARD BOOK NUMBER | |
| International Standard Book Number | 9780333933428 |
| 050 ## - LIBRARY OF CONGRESS CALL NUMBER | |
| Classification number | HD38 |
| Item number | .5 2010 |
| 245 ## - TITLE STATEMENT | |
| Title | Logistics and Supply Chain Management : |
| Remainder of title | Cases and Concepts / |
| Statement of responsibility, etc. | editors: Raghuram G.; Rangaraj N. |
| 260 ## - PUBLICATION, DISTRIBUTION, ETC. | |
| Place of publication, distribution, etc. | India |
| Name of publisher, distributor, etc. | Macmillan Publishers India Ltd |
| Date of publication, distribution, etc. | c2010 |
| 300 ## - PHYSICAL DESCRIPTION | |
| Extent | xxiii, 424 pages |
| Other physical details | Index |
| Dimensions | 24cm |
| 650 ## - SUBJECT ADDED ENTRY--TOPICAL TERM | |
| Source of heading or term | Logistics |
| 650 ## - SUBJECT ADDED ENTRY--TOPICAL TERM | |
| Source of heading or term | Supply Chain |
| 700 ## - ADDED ENTRY--PERSONAL NAME | |
| Personal name | G. Raghuram |
| Titles and other words associated with a name | Indian Institute of Management Ahmedabad |
| Relator term | editor |
| 700 ## - ADDED ENTRY--PERSONAL NAME | |
| Personal name | N. Rangaraj |
| Titles and other words associated with a name | Indian Institute of Technology Mumbai |
| Relator term | editor |
| 942 ## - ADDED ENTRY ELEMENTS (KOHA) | |
| Source of classification or shelving scheme | Library of Congress Classification |
| Koha item type | Books |
| Suppress in OPAC | No |
| 999 ## - | |
| -- | 610 |
| -- | 610 |
| Withdrawn status | Lost status | Source of classification or shelving scheme | Damaged status | Not for loan | Collection | Home library | Current library | Shelving location | Date acquired | Total checkouts | Full call number | Barcode | Date last seen | Copy number | Price effective from | Koha item type |
|---|---|---|---|---|---|---|---|---|---|---|---|---|---|---|---|---|
| Library of Congress Classification | Non-fiction | Business Library (Miotso) | Business Library (Miotso) | Reference | 11/04/2024 | HD38.5 LOG | BSSM00000128 | 11/04/2024 | 1 | 11/04/2024 | Books |